<?xml version="1.0" encoding="UTF-8"?>
<record
    xmlns:xsi="http://www.w3.org/2001/XMLSchema-instance"
    xsi:schemaLocation="http://www.loc.gov/MARC21/slim http://www.loc.gov/standards/marcxml/schema/MARC21slim.xsd"
    xmlns="http://www.loc.gov/MARC21/slim">

  <leader>02257nam a2200289uu 4500</leader>
  <controlfield tag="001">1461202</controlfield>
  <controlfield tag="005">20240412090141.0</controlfield>
  <controlfield tag="007">cr|||||||</controlfield>
  <controlfield tag="008">170227s2017                        spa  </controlfield>
  <datafield tag="035" ind1=" " ind2=" ">
    <subfield code="a">1461202</subfield>
  </datafield>
  <datafield tag="040" ind1=" " ind2=" ">
    <subfield code="c">comduadb</subfield>
  </datafield>
  <datafield tag="041" ind1=" " ind2=" ">
    <subfield code="a">spa</subfield>
  </datafield>
  <datafield tag="080" ind1=" " ind2=" ">
    <subfield code="a">MIA</subfield>
  </datafield>
  <datafield tag="100" ind1="1" ind2="0">
    <subfield code="a">Paniagua Loaiza, Diana Marcela</subfield>
    <subfield code="4">aut</subfield>
    <subfield code="e">aut</subfield>
    <subfield code="9">735236</subfield>
  </datafield>
  <datafield tag="245" ind1="1" ind2="0">
    <subfield code="a">Programaci&#xF3;n &#xD3;ptima de Mantenimientos para la Reducci&#xF3;n de Restricciones en Generaci&#xF3;n y  Aumento de Confiabilidad en Sistemas de Potencia</subfield>
  </datafield>
  <datafield tag="260" ind1=" " ind2=" ">
    <subfield code="a">Medell&#xED;n :</subfield>
    <subfield code="b">[sin publicador],</subfield>
    <subfield code="c">2017.</subfield>
  </datafield>
  <datafield tag="300" ind1=" " ind2=" ">
    <subfield code="a">61 p&#xE1;ginas</subfield>
  </datafield>
  <datafield tag="520" ind1="3" ind2=" ">
    <subfield code="a">Este trabajo presenta una estrategia para realizar la programaci&#xF3;n de mantenimientos de activos de transmisi&#xF3;n de sistemas de potencia. El objetivo es ubicar las actividades de mantenimiento en los periodos donde se pueda garantizar: 1) la seguridad del sistema ante contingencias del tipo N-1 y 2) la m&#xE1;xima flexibilidad en los recursos de generaci&#xF3;n. La metodolog&#xED;a propuesta puede convertirse en una herramienta de alta utilidad para operadores de sistemas o ISOs (Operador Independiente del Sistema) puesto que &#xE9;stos deben programar constantemente las actividades de mantenimiento que los diferentes propietarios solicitan para sus activos garantizando confiabilidad y seguridad en la  operaci&#xF3;n del sistema. La metodolog&#xED;a propuesta se puede implementar en cualquier sistema de potencia. Sin embargo, a lo largo de este documento se har&#xE1; &#xE9;nfasis en la problem&#xE1;tica relacionada al caso colombiano. Por tanto, en este cap&#xED;tulo se realiza una breve descripci&#xF3;n de conceptos del mercado el&#xE9;ctrico Colombiano que juegan un papel importante durante la programaci&#xF3;n de los mantenimientos asociados a los activos de un sistema de potencia.</subfield>
  </datafield>
  <datafield tag="650" ind1=" " ind2=" ">
    <subfield code="a">Contingencia</subfield>
    <subfield code="9">19008</subfield>
  </datafield>
  <datafield tag="650" ind1=" " ind2=" ">
    <subfield code="a">Sistemas el&#xE9;ctricos de potencia</subfield>
    <subfield code="9">37675</subfield>
  </datafield>
  <datafield tag="650" ind1=" " ind2=" ">
    <subfield code="a">Mantenimiento</subfield>
    <subfield code="9">28201</subfield>
  </datafield>
  <datafield tag="650" ind1=" " ind2="7">
    <subfield code="a">Confiabilidad</subfield>
    <subfield code="2"></subfield>
    <subfield code="9">32043</subfield>
  </datafield>
  <datafield tag="700" ind1="1" ind2="0">
    <subfield code="a">Mej&#xED;a Giraldo, Diego Adolfo</subfield>
    <subfield code="4">drt</subfield>
    <subfield code="e">drt</subfield>
    <subfield code="9">412609</subfield>
  </datafield>
  <datafield tag="856" ind1="4" ind2=" ">
    <subfield code="u">https://drive.google.com/file/d/0BwecnWVz7HZoaHl1RW44YTcwUUE/view?usp=sharing</subfield>
  </datafield>
  <datafield tag="942" ind1=" " ind2=" ">
    <subfield code="c">TESIS</subfield>
    <subfield code="n">0</subfield>
  </datafield>
  <datafield tag="999" ind1=" " ind2=" ">
    <subfield code="c">752979</subfield>
    <subfield code="d">752979</subfield>
  </datafield>
  <datafield tag="500" ind1=" " ind2=" ">
    <subfield code="a">Tesis (Maestr&#xED;a en Ingenier&#xED;a con &#xE9;nfasis en Gesti&#xF3;n Ambiental) Universidad de Antioquia. Facultad de Ingenier&#xED;a - T&#xED;tulo del grado otorgado</subfield>
  </datafield>
</record>
